000 00680nam a2200253Ia 4500
003 OSt
005 20220912152129.0
006 a|||||r|||| 00| 0
007 ta
008 220909b |||||||| |||| 00| 0 eng d
024 _a59055
037 _cTextual
040 _aCSL
_beng
_cCSL
041 _aeng
082 _aD666:485, H4
100 _aGreat britain (Incorporated radioi sociotey of britain)
245 0 _aAmateur radio handbook
250 _a2
260 _c1944
300 _ap.
_ccm.
650 _aElectrical engineering
942 _hD666:485, H4
_cTEXL
_2CC
999 _c81195
_d81195